Kraje które posiadały lub posiadają choć jedną skocznie narciarską - Statystyki

Ogólne statystyki
  • Ten quiz został rozwiązany 211 razy
  • Średni wynik to 38 z 46
Statystyki odpowiedzi
Państwa % Poprawnych
Polska
98%
Austria
97%
Niemcy
97%
Rosja
97%
Finlandia
96%
Norwegia
96%
Stany Zjednoczone
96%
Kanada
95%
Szwecja
95%
Japonia
94%
Szwajcaria
94%
Włochy
94%
Francja
93%
Słowacja
93%
Czechy
92%
Hiszpania
92%
Słowenia
92%
Chiny
90%
Estonia
90%
Ukraina
89%
Kazachstan
88%
Rumunia
88%
Korea Południowa
86%
Łotwa
86%
Litwa
85%
Holandia
84%
Turcja
84%
Bułgaria
83%
Wielka Brytania
83%
Białoruś
82%
Dania
82%
Węgry
81%
Chorwacja
80%
Serbia
80%
Bośnia i Hercegowina
73%
Islandia
73%
Australia
71%
Argentyna
64%
Czarnogóra
62%
Korea Północna
62%
Gruzja
61%
Macedonia
61%
Nowa Zelandia
57%
Chile
56%
Liechtenstein
54%
Algieria
28%
Nie znaleziono quizów pasujących do podanych kryteriów
Rozkład punktacji
Procent ludzi z każdym wynikiem
Percentyl według liczby udzielonych odpowiedzi
Twoja historia wyników
Nie rozwiązałeś tego quizu